000 01029cam a2200289 a 4500
999 _c7700
_d7700
001 13337749
003 OSt
005 20200123093734.0
008 030909s2005 ohuab b 001 0 eng
020 _a9788131504277
040 _coclc
082 _a658.049
_bCZI/I
100 _aCzinkota, Michael R
_91302
245 1 0 _aInternational Business /
_cMichael R. Czinkota ; Ilkka A. Ronkainen ; Michael H. Moffett
250 _a7th ed.
260 _aNew Delhi:
_bCengage Learning,
_c2005.
300 _a782 p
500 _aLC copy lacks passcode to InfoTrac Colldge Edition, the Online Library (www.infotrac-colldge.com)
_5DLC
504 _aIncludes bibliographical references (p. 725-748) and indexes.
650 0 _aInternational trade.
650 0 _aInternational finance.
650 0 _aInvestments, Foreign.
650 0 _aInternational business enterprises.
700 1 _aRonkainen, Ilkka A.
_91450
700 1 _aMoffett, Michael H.
_91451
942 _2ddc
_cBK
_h658.049
_iCZI/I
_k658.049
_mCZI/I